|
|
|
|
| LEADER |
00000nam0a2200000 4500 |
| 001 |
370743 |
| 005 |
20231102012317.0 |
| 035 |
|
|
|a (RuTPU)RU\TPU\retro\28152
|
| 090 |
|
|
|a 370743
|
| 100 |
|
|
|a 20220728d1978 km y0rusy50 ca
|
| 101 |
0 |
|
|a rus
|
| 102 |
|
|
|a RU
|
| 105 |
|
|
|a a z 001zy
|
| 200 |
1 |
|
|a Алмазная обработка оптических деталей
|f А. Л. Ардамацкий
|
| 210 |
|
|
|a Ленинград
|c Машиностроение
|d 1978
|
| 215 |
|
|
|a 232 с.
|c ил.
|
| 320 |
|
|
|a Библиогр.: с. 227-230
|
| 606 |
1 |
|
|a Оптические детали
|x Алмазная обработка
|2 stltpush
|3 (RuTPU)RU\TPU\subj\47202
|9 66260
|
| 610 |
1 |
|
|a оптические материалы
|
| 610 |
1 |
|
|a обработка
|
| 610 |
1 |
|
|a алмазы
|
| 610 |
1 |
|
|a алмазные порошки
|
| 610 |
1 |
|
|a алмазные инструменты
|
| 610 |
1 |
|
|a закрепленные алмазные зерна
|
| 610 |
1 |
|
|a станки
|
| 675 |
|
|
|a 681.7.02
|v 4
|
| 700 |
|
1 |
|a Ардамацкий
|b А. Л.
|g Анатолий Леонидович
|
| 801 |
|
1 |
|a RU
|b 63413507
|c 20220728
|
| 942 |
|
|
|c BK
|